TOP 10 BADDIES - Statistics

General Stats
  • This quiz has been taken 5 times
  • The average score is 2 of 15
Answer Stats
BADDIE NUMBER Answer % Correct
1 Sophie Rain
75%
15 Bonnie Blue
50%
5 Coopers MOM
25%
4 Aisha Sophie
0%
6 David Steiner
0%
9 Hailey Van Lith
0%
14 Lana Rhodes
0%
11 Lebron James
0%
13 Lily Starfire
0%
10 Livvy Dunn
0%
3 Madison Beer
0%
7 Megan Fox
0%
8 Scarlet Johannsen
0%
2 Sydneey Sweeney
0%
12 Zendaya
0%
No matching quizzes found
Score Distribution
Percent of People with Each Score
Percentile by Number Answered
Your Score History
You have not taken this quiz